| 000 | 00469nam a22001697a 4500 | ||
|---|---|---|---|
| 003 | CEME | ||
| 005 | 20210628205341.0 | ||
| 008 | 210204b xxu||||| |||| 00| 0 eng d | ||
| 040 | _c. | ||
| 082 | _a891.4393 ASL | ||
| 100 |
_aAslam Rahi _964301 |
||
| 245 | _aSultan malik shah saljooki | ||
| 260 |
_aLAHORE _bMAQBOOL ACADEMY _c2003 |
||
| 300 | _a459P | ||
| 650 |
_aURDU NOVEL-SULTAN MALIK SHAH SALJOOKI.BIOGRAPHY-SULTAN MALIK SHAH SALJOOKI _975077 |
||
| 942 |
_cBK _2ddc |
||
| 999 |
_c580565 _d580565 |
||